| 000 | 00398nam a22001697a 4500 | ||
|---|---|---|---|
| 003 | SGT | ||
| 020 | _a9788131264973 | ||
| 082 |
_a612.015 _bE21S |
||
| 100 | _aSATYANARAYANA, U. | ||
| 245 | _aESSENTIONALS OF BIOCHEMISTRY | ||
| 250 | _a3RD | ||
| 260 |
_aINDIA _bELSEVIER PUB _c2021 |
||
| 300 | _a441 | ||
| 650 | _aBIOCHEMISTRY | ||
| 653 | _aESSENTIONALS OF BIOCHEMISTRY | ||
| 942 |
_2ddc _cBK _0101 |
||
| 999 |
_c24925 _d24925 |
||